Apples and Pears - Statistics

General Stats
  • This quiz has been taken 64 times
  • The average score is 16 of 20
Answer Stats
Hint Answer % Correct
Typically American pie Apple
93%
A poisoned one is given to Snow White Apple
91%
New York City 'Big' nickname Apple
91%
High-value technology company Apple
90%
One a day keeps the doctor away Apple
90%
'Prickly' cactus Pear
90%
Protusion in Adam's throat Apple
88%
The shape of things going wrong Pear
88%
Belongs to the genus 'Pyrus' Pear
86%
Don't sit under this tree according to a song Apple
84%
A partridge's tree choice at Christmas Pear
84%
Perry is made from its fermented juice Pear
83%
A bad one is a corrupting influence Apple
81%
British brand of soap Pear
79%
Has two homophones Pear
72%
Upsetting this cart might spoil the plans Apple
69%
Contains more potassium per 100g Pear
67%
Has a variety called 'Braeburn' Apple
59%
Has a variety called 'Conference' Pear
55%
Planted "for your heirs" says a proverb Pear
52%
No matching quizzes found
Score Distribution
Percent of People with Each Score
Percentile by Number Answered
Your Score History
You have not taken this quiz